[Event "La Roda op 51st"]
[Site "La Roda"]
[Date "2025.04.16"]
[Round "3"]
[White "Yordanov, Lachezar"]
[Black "Ponce Navalon, Jose"]
[Result "1-0"]
[WhiteElo "2364"]
[BlackElo "2121"]
[PlyCount "141"]
[EventDate "2025.04.15"]
[EventType "swiss"]
[EventRounds "9"]
[EventCountry "ESP"]
[SourceTitle "CB17_2025"]
[SourceDate "2025.04.23"]
[SourceVersion "1"]
[SourceVersionDate "2025.04.23"]
[SourceQuality "1"]

1. Nf3 Nf6 2. c4 d6 3. d4 g6 4. Nc3 Bg7 5. e4 0-0 6. Be2 Nc6 7. 0-0 Bg4 8. d5 Bxf3 9. Bxf3 Na5 10. Be2 c5 11. Rb1 a6 12. Qc2 Nd7 13. Be3 e5 14. b3 b6 15. Bd3 Nb7 16. a3 Qe7 17. Rbe1 f6 18. Kh1 Rf7 19. g3 Qf8 20. Bd2 Kh8 21. Qc1 Re8 22. f3 h5 23. f4 Bh6 24. Qd1 Rh7 25. Bc1 h4 26. f5 gxf5 27. gxh4 Bxc1 28. Qxc1 f4 29. Rg1 Rxh4 30. Rg6 Re7 31. Reg1 Reh7 32. Qd2 Qf7 33. R6g2 Nf8 34. Be2 Ng6 35. Bf3 Na5 36. Qc2 R7h6 37. Rf2 Rh3 38. Bg4 R3h4 39. Be6 Qf8 40. Rfg2 Ne7 41. Nd1 R6h5 42. b4 Nb7 43. Bg4 Rg5 44. Nf2 a5 45. bxa5 Nxa5 46. Qa4 Ng8 47. Be6 Rhh5 48. Qd1 Qh6 49. Ng4 Rxg4 50. Bxg4 Rg5 51. Qa4 Qg7 52. Be6 f3 53. Rxg5 fxg5 54. Qe8 f2 55. Rf1 Qh7 56. Qxg8+ Qxg8 57. Bxg8 Kxg8 58. Rxf2 Nxc4 59. a4 Kg7 60. Kg2 Kg6 61. Kf3 Kf6 62. Ke2+ Ke7 63. Kd3 Na5 64. Rf5 c4+ 65. Kc3 Nb3 66. Rxg5 Nc5 67. Rg4 Nxa4+ 68. Kxc4 Nb2+ 69. Kb5 Nd1 70. Rg7+ Kf6 71. Rg3 1-0

[Event "EU-ch 25th"]
[Site "Eforie Nord"]
[Date "2025.03.15"]
[Round "1"]
[White "Bostina, Vladimir Ioan"]
[Black "Yordanov, Lachezar"]
[Result "0-1"]
[WhiteElo "1582"]
[BlackElo "2361"]
[PlyCount "98"]
[EventDate "2025.03.15"]
[EventType "swiss"]
[EventRounds "11"]
[EventCountry "ROU"]
[SourceTitle "CB13_2025"]
[SourceDate "2025.03.26"]
[SourceVersion "1"]
[SourceVersionDate "2025.03.26"]
[SourceQuality "1"]

1. e4 c5 2. Nf3 d6 3. d4 cxd4 4. Nxd4 Nf6 5. Nc3 a6 6. Be3 e5 7. Nb3 Be7 8. f3 Be6 9. Qd2 h5 10. 0-0-0 Nbd7 11. Kb1 Qc7 12. Be2 0-0 13. Rdg1 b5 14. a3 Nb6 15. Bxb6 Qxb6 16. g4 hxg4 17. fxg4 b4 18. axb4 Qxb4 19. Rg3 Rab8 20. g5 Nxe4 21. Nxe4 Qxe4 22. Bf3 Qb4 23. Qxb4 Rxb4 24. Na5 Rh4 25. Nc6 Re8 26. Be2 Bf8 27. Rd3 Rc8 28. Rc3 Rxc6 29. Rxc6 Bd5 30. Rxd6 Bxd6 31. Rd1 Rd4 32. Rxd4 exd4 33. Bxa6 Bxh2 34. b4 Bf4 35. b5 Bc4 36. Kb2 Bd6 37. Kc1 Kh7 38. Kd2 Kg6 39. Ke1 Kxg5 40. Kf2 Kf4 41. Kg2 g5 42. Kf2 g4 43. Kg2 f5 44. Kf2 Kg5 45. Kg2 f4 46. Kf2 f3 47. Kg1 g3 48. Kh1 f2 49. Kg2 f1Q# 0-1

[Event "EU-ch 24th"]
[Site "Petrovac"]
[Date "2024.11.19"]
[Round "11"]
[White "Garcia Ramos, Daniel"]
[Black "Yordanov, Lachezar"]
[Result "1-0"]
[WhiteElo "2437"]
[BlackElo "2332"]
[PlyCount "49"]
[EventDate "2024.11.08"]
[EventType "swiss"]
[EventRounds "11"]
[EventCountry "MNE"]
[SourceTitle "CB47_2024"]
[SourceDate "2024.11.20"]
[SourceVersion "1"]
[SourceVersionDate "2024.11.20"]
[SourceQuality "1"]

1. e4 c5 2. Nf3 d6 3. d4 cxd4 4. Nxd4 Nf6 5. Nc3 a6 6. f3 e5 7. Nb3 Be6 8. Be3 Be7 9. Qd2 h5 10. 0-0-0 Nbd7 11. Kb1 Rc8 12. Bd3 0-0 13. h3 h4 14. f4 b5 15. a3 Qc7 16. f5 Bc4 17. Rhg1 Nb6 18. g4 d5 19. g5 d4 20. gxf6 Bxf6 21. Bh6 Qe7 22. Nd5 Bxd5 23. exd5 Nc4 24. Qf2 e4 25. Bxg7 1-0

[Event "EU-ch 24th"]
[Site "Petrovac"]
[Date "2024.11.09"]
[Round "2"]
[White "Yordanov, Lachezar"]
[Black "Bacrot, Etienne"]
[Result "1/2-1/2"]
[WhiteElo "2332"]
[BlackElo "2653"]
[PlyCount "150"]
[EventDate "2024.11.08"]
[EventType "swiss"]
[EventRounds "11"]
[EventCountry "MNE"]
[SourceTitle "CB47_2024"]
[SourceDate "2024.11.20"]
[SourceVersion "1"]
[SourceVersionDate "2024.11.20"]
[SourceQuality "1"]

1. c4 e5 2. g3 Nf6 3. Bg2 h6 4. Nf3 Nc6 5. 0-0 d6 6. d4 g5 7. d5 Ne7 8. Nc3 Bg7 9. e4 Nh7 10. Ne1 0-0 11. f4 exf4 12. gxf4 f5 13. fxg5 hxg5 14. Qh5 g4 15. Bh6 Rf6 16. Bd2 fxe4 17. Nc2 Bf5 18. Nxe4 Rf7 19. Ne3 Qd7 20. Nxg4 Raf8 21. Nh6+ Bxh6 22. Bxh6 Bg6 23. Qe2 Rxf1+ 24. Rxf1 Rxf1+ 25. Qxf1 Qg4 26. h3 Qh4 27. Qf4 Qe1+ 28. Kh2 Nf5 29. Qg4 Kf7 30. Bd2 Qh4 31. c5 dxc5 32. Nxc5 Nf6 33. Qf4 Qxf4+ 34. Bxf4 Ne7 35. Nxb7 Nexd5 36. Bg5 Ne4 37. Bh4 Nb4 38. a3 Nd3 39. b4 Ke6 40. Na5 Kd5 41. Be7 Ne1 42. Bh1 a6 43. Nb3 Ke6 44. Bd8 Kd7 45. Bh4 Nd3 46. Bg2 Nc3 47. Bf1 Kc6 48. Bg3 Nb1 49. h4 Nxa3 50. h5 Bh7 51. Bxd3 Bxd3 52. Nc5 Bh7 53. Nxa6 Nc2 54. Kh3 Kb5 55. Nxc7+ Kxb4 56. Bf2 Kc4 57. Kh4 Nb4 58. Kg5 Nd5 59. Ne6 Nc3 60. Bh4 Ne4+ 61. Kf4 Nc5 62. Nf8 Bc2 63. Ke5 Kb5 64. Be7 Nd3+ 65. Kf6 Nf2 66. Kg5 Nh3+ 67. Kf6 Nf2 68. Ke6 Bd1 69. h6 Bc2 70. Bg5 Ng4 71. h7 Bxh7 72. Nxh7 Nf2 73. Kd5 Nd3 74. Nf6 Nb4+ 75. Kd6 Kc4 1/2-1/2

[Event "Benasque op 43rd"]
[Site "Benasque"]
[Date "2024.07.05"]
[Round "1"]
[White "Yordanov, Lachezar"]
[Black "Martinez Sanz, Pablo"]
[Result "1-0"]
[WhiteElo "2277"]
[BlackElo "1829"]
[PlyCount "102"]
[EventDate "2024.07.05"]
[EventType "swiss"]
[EventRounds "10"]
[EventCountry "ESP"]
[SourceTitle "CBM 221 Extra"]
[Source "ChessBase"]
[SourceDate "2024.09.30"]
[SourceVersion "1"]
[SourceVersionDate "2024.09.30"]
[SourceQuality "1"]

1. d4 Nf6 2. c4 e6 3. Nf3 Bb4+ 4. Bd2 Qe7 5. g3 Bxd2+ 6. Qxd2 Nc6 7. Nc3 d6 8. Bg2 a5 9. 0-0 0-0 10. b3 e5 11. d5 Nb8 12. e4 Bd7 13. Rab1 Na6 14. Qc2 c6 15. dxc6 bxc6 16. Na4 Rab8 17. c5 d5 18. Qe2 Nxc5 19. Nxc5 Qxc5 20. Nxe5 Rfe8 21. Nxd7 Nxd7 22. Qd1 d4 23. Rc1 Qb6 24. Rc4 c5 25. f4 Nf6 26. e5 Nd7 27. Kh1 Rbd8 28. Re1 Kh8 29. Qg4 Nf6 30. Qf5 g6 31. Qc2 Ng4 32. Qd2 Ne3 33. Ra4 Nxg2 34. Kxg2 Ra8 35. h4 Qc6+ 36. Kh2 Qc7 37. Rc1 Qb6 38. Rac4 Rac8 39. Qc2 Red8 40. Qe4 Rd7 41. h5 Re7 42. Rxd4 cxd4 43. Rxc8+ Kg7 44. h6+ Kxh6 45. f5 f6 46. Qh4+ Kg7 47. exf6+ Qxf6 48. Rg8+ Kxg8 49. Qxf6 Re2+ 50. Kh3 Rxa2 51. Qe6+ Kg7 1-0